[Event "Winnipeg Rosenbloom Memorial"]
[Site "Winnipeg"]
[Date "2017.12.12"]
[Round "6"]
[White "Magyar, Peter"]
[Black "Patel, Aalekh"]
[Result "0-1"]
[WhiteElo "1506"]
[BlackElo "1583"]
[PlyCount "42"]
[EventDate "2017.11.07"]
[EventType "swiss"]
[EventRounds "7"]
[EventCountry "CAN"]
[SourceTitle "EXT 2022"]
[Source "ChessBase"]
[SourceDate "2021.10.06"]
[SourceVersion "1"]
[SourceVersionDate "2021.10.06"]
[SourceQuality "1"]

1. d4 Nf6 2. Bf4 e6 3. e3 d5 4. Be2 c5 5. c3 Nc6 6. h3 h6 7. Nf3 Qb6 8. Na3 Qxb2 9. Nb5 Ne4 10. Nc7+ Kd7 11. Nxa8 Nxc3 12. Qd2 Qxa1+ 13. Bd1 Qxd1+ 14. Qxd1 Nxd1 15. Kxd1 Bd6 16. Ne5+ Nxe5 17. dxc5 Nd3 18. Ke2 Nxf4+ 19. exf4 Bxc5 20. Rc1 b6 21. a4 Ba6+ 0-1

[Event "Winnipeg Rosenbloom Memorial"]
[Site "Winnipeg"]
[Date "2017.11.28"]
[Round "4"]
[White "Viznytsya, Yevhen"]
[Black "Patel, Aalekh"]
[Result "0-1"]
[WhiteElo "1613"]
[BlackElo "1583"]
[PlyCount "78"]
[EventDate "2017.11.07"]
[EventType "swiss"]
[EventRounds "7"]
[EventCountry "CAN"]
[SourceTitle "EXT 2022"]
[Source "ChessBase"]
[SourceDate "2021.10.06"]
[SourceVersion "1"]
[SourceVersionDate "2021.10.06"]
[SourceQuality "1"]

1. d4 Nf6 2. Nf3 e6 3. e3 d5 4. c4 Bb4+ 5. Nc3 0-0 6. Be2 Ne4 7. Bd2 Nxd2 8. Qxd2 Nd7 9. a3 Bxc3 10. bxc3 b6 11. 0-0 Bb7 12. cxd5 Bxd5 13. Qc2 f5 14. Rfd1 Qf6 15. c4 Be4 16. Qc1 c5 17. Ne5 Nxe5 18. dxe5 Qxe5 19. Rd2 Rad8 20. Raa2 Rxd2 21. Rxd2 f4 22. exf4 Qxf4 23. f3 Qe3+ 24. Kf1 Qf4 25. Kg1 Qe3+ 26. Kf1 g5 27. Qb2 g4 28. Rd7 Qg5 29. Bd3 gxf3 30. Bxe4 fxg2+ 31. Ke2 Qg4+ 32. Kd3 Rf3+ 33. Bxf3 Qxf3+ 34. Kc2 Qe2+ 35. Kb3 Qxb2+ 36. Kxb2 g1Q 37. Rxa7 Qd4+ 38. Kb3 Qd3+ 39. Kb2 Qxc4 0-1

[Event "Winnipeg TNT October op"]
[Site "Winnipeg"]
[Date "2017.10.17"]
[Round "3"]
[White "Gannon, Keith"]
[Black "Patel, Aalekh"]
[Result "0-1"]
[WhiteElo "1495"]
[BlackElo "1595"]
[PlyCount "130"]
[EventDate "2017.10.03"]
[EventType "swiss"]
[EventRounds "4"]
[EventCountry "CAN"]
[SourceTitle "EXT 2022"]
[Source "ChessBase"]
[SourceDate "2021.10.06"]
[SourceVersion "1"]
[SourceVersionDate "2021.10.06"]
[SourceQuality "1"]

1. Nf3 d5 2. b3 Nf6 3. Bb2 c5 4. g3 Nc6 5. Bg2 d4 6. d3 e5 7. Nbd2 Be7 8. 0-0 0-0 9. c3 Re8 10. Re1 Nd5 11. cxd4 cxd4 12. a3 a5 13. Nc4 Bd6 14. Nxd6 Qxd6 15. Nd2 b5 16. Ne4 Qe7 17. Qc2 Bd7 18. Nc5 Be6 19. Nxe6 Qxe6 20. Qc5 Nce7 21. Bxd5 Qxd5 22. Qxd5 Nxd5 23. Rac1 Rac8 24. Rxc8 Rxc8 25. e4 Nc3 26. Kg2 Kf8 27. f4 f6 28. fxe5 fxe5 29. Rf1+ Ke7 30. Bc1 h6 31. h4 Ke6 32. h5 Ne2 33. Bd2 Rc2 34. Bxa5 Nf4+ 35. Kh1 Nxd3 36. Rf8 Nf2+ 37. Kg1 Nxe4 38. g4 Nd6 39. Ra8 Kf7 40. Rd8 Ne4 41. Rd5 Ng5 42. Rxb5 d3 43. Rb7+ Kg8 44. Rd7 Nf3+ 45. Kf1 d2 46. Ke2 Nd4+ 47. Kd1 Rc1+ 48. Kxd2 Nxb3+ 49. Ke3 Nxa5 50. Rd5 Nc4+ 51. Ke4 Re1+ 52. Kd3 Nxa3 53. Rd8+ Kf7 54. Rd7+ Kf8 55. Rd8+ Ke7 56. Rg8 Kf7 57. Ra8 Nb5 58. Rb8 Nd6 59. Ra8 Ke6 60. Rg8 Kf6 61. Kd2 Re4 62. Rd8 Nf7 63. Ra8 Rxg4 64. Ra6+ Kg5 65. Ra7 Rf4 0-1